| 000 | 005360000a22001810004500 | ||
|---|---|---|---|
| 003 | MACL | ||
| 005 | 20160526121753.0 | ||
| 008 | 160526b xxu||||| |||| 00| 0 eng d | ||
| 040 |
_aMACL _cMACL |
||
| 041 | _aHindi | ||
| 082 | _a891.433 | ||
| 100 |
_aभैरप्पा, एस एल _958925 |
||
| 245 |
_aजिज्ञासा _cएस एल भैरप्पा |
||
| 260 |
_bशब्दकार _c1994 _aदिल्ली |
||
| 350 | _a115 | ||
| 650 |
_aNovel _959673 |
||
| 942 |
_cHIN _k891.433/BHA/N _2ddc |
||
| 999 |
_c21428 _d21428 |
||